Statistics for Five Biggest Countries by River

Click here to take the quiz!

General Stats

  • This quiz has been taken 164 times
  • The average score is 25 of 29

Answer Stats

River Country % Correct
NileEgypt
100%
NigerNiger
99%
MekongChina
98%
NileSudan
98%
NigerNigeria
97%
Dan, RhiGermany
97%
MekongVietnam
96%
MekongLaos
95%
RhineAustria
93%
NileDR Congo
93%
NileEthiopia
91%
DanubeHungary
90%
MekongBurma
90%
MekongThailand
90%
RhineFrance
90%
NigerMali
88%
RhineSwitzerland
88%
DanubeRomania
88%
ZambeziZambia
83%
DanubeBulgaria
79%
ZambeziAngola
78%
NileTanzania
77%
ZambeziBotswana
76%
ZambeziNamibia
74%
RhineNetherlands
73%
ZambeziMozambique
71%
DanubeUkraine
70%
NigerBenin
62%
NigerGuinea
47%

Score Distribution

Percentile by Number Answered

Percent of People with Each Score

Your Score History

You have not taken this quiz